00576nam a22002057a 450000500170000001000130001702000100003003500130004003700160005304000120006908200110008124500830009226000420017527000510021730000230026850000230029165000160031465000190033070000210034920170124110104.0 aA-761457 c00.00 aA-761457 bCen Lib/Ret aDPLbEN aSbLAN aLanguage of love :cedited by Aruna Jethwani ban anthology of short stories / aNew DelhibSterling publishers c1995 bNew DelhiaL-10, Green park extention e110016 aix,89p. c18cm(Hb) aIncludes glossary  aLiterature  aShort stories  aJethwani, Aruna